Návrhy opatrení na zlepšenie finančnej stability podniku TRENS, a.s., Trenčín : Bakalárska práca

Gespeichert in:
Bibliographische Detailangaben
1. Verfasser: Límová, Eva, 1981- (Verfasst von)
Weitere Verfasser: Šefčíková, Miriam, 1975- (Betreuung Doktorarbeit)
Format: Manuskript Buch
Sprache:Slowakisch
Veröffentlicht: Trnava : STU v Bratislave MTF UPMK, 2011
Schlagworte:
Online-Zugang:VAIS
Tags: Tag hinzufügen
Keine Tags, Fügen Sie das erste Tag hinzu!

MARC

LEADER 00000ntm a22000003a 4500
001 stu231458
005 20160719160535.3
008 110713s2011----xo------------------slo-d
040 |a STU  |b slo 
041 0 |a slo 
044 |a xo 
100 1 |a Límová, Eva,  |d 1981-  |4 aut  |X 57137  |7 A000057137 
242 0 0 |a PROPOSED MEASURES FOR IMPROVEMENT OF FINANCIAL STABILITY OF THE TRENS, A.S. COMPANY IN TRENČÍN  |y eng 
245 1 |a Návrhy opatrení na zlepšenie finančnej stability podniku TRENS, a.s., Trenčín :  |b Bakalárska práca 
260 |a Trnava :  |b STU v Bratislave MTF UPMK,  |c 2011 
300 |a 73 s., CD-ROM 
650 7 |a účtovná závierka  |2 stusub 
650 7 |a financial analysis  |2 estusub 
650 7 |a finančná analýza  |2 stusub 
650 7 |a priemyselné manažérstvo  |2 stusub 
650 7 |a Industrial Management  |2 estusub 
700 1 |a Šefčíková, Miriam,  |d 1975-  |4 ths  |u M4000  |U MTF Materiálovotechnologická fakulta  |T MTF Ústav priemyselného inžinierstva a manažmentu  |X 2854  |U M4000  |Y 84  |7 A000002854 
856 4 |a info a plný text  |u http://is.stuba.sk/zp/portal_zp.pl?podrobnosti=57851  |3 VAIS 
996 |c M*BP-5451  |l MMSKP  |s P  |a 0  |w stu231458_0001